Every Summer Olympics Host City Bid - Statistics

General Stats
  • This quiz has been taken 136 times
  • The average score is 161 of 182
Answer Stats
Hint Answer % Correct
1924 United States Los Angeles
100%
1928 United States Los Angeles
100%
1932 United States Los Angeles
100%
1948 United States Los Angeles
100%
1952 United States Los Angeles
100%
1956 United States Los Angeles
100%
1976 United States Los Angeles
100%
1980 United States Los Angeles
100%
1984 United States Los Angeles
100%
2024 United States Los Angeles
100%
2028 United States Los Angeles
100%
1900 France Paris
100%
1924 France Paris
100%
1992 France Paris
100%
2008 France Paris
100%
2012 France Paris
100%
2024 France Paris
100%
1896 Greece Athens
99%
1944 Greece Athens
99%
1952 Greece Athens
99%
1996 Greece Athens
99%
2004 Greece Athens
99%
1908 Germany Berlin
98%
1916 Germany Berlin
98%
1936 Germany Berlin
98%
2000 Germany Berlin
98%
1936 Brazil Rio de Janeiro
98%
2004 Brazil Rio de Janeiro
98%
2012 Brazil Rio de Janeiro
98%
2016 Brazil Rio de Janeiro
98%
1908 Italy Rome
98%
1924 Italy Rome
98%
1936 Italy Rome
98%
1944 Italy Rome
98%
1960 Italy Rome
98%
2004 Italy Rome
98%
2020 Italy Rome
98%
2024 Italy Rome
98%
1924 Spain Barcelona
97%
1936 Spain Barcelona
97%
1992 Spain Barcelona
97%
1908 Great Britain London
97%
1944 Great Britain London
97%
1948 Great Britain London
97%
2012 Great Britain London
97%
1940 Japan Tokyo
97%
1960 Japan Tokyo
97%
1964 Japan Tokyo
97%
2016 Japan Tokyo
97%
2020 Japan Tokyo
97%
1916 Netherlands Amsterdam
96%
1920 Netherlands Amsterdam
96%
1924 Netherlands Amsterdam
96%
1928 Netherlands Amsterdam
96%
1952 Netherlands Amsterdam
96%
1992 Netherlands Amsterdam
96%
1916 Austria-Hungary Budapest
96%
1920 Hungary Budapest
96%
1936 Hungary Budapest
96%
1944 Hungary Budapest
96%
1960 Hungary Budapest
96%
2024 Hungary Budapest
96%
1972 Spain Madrid
96%
2012 Spain Madrid
96%
2016 Spain Madrid
96%
2020 Spain Madrid
96%
1956 Mexico Mexico City
96%
1960 Mexico Mexico City
96%
1968 Mexico Mexico City
96%
2012 United States New York City
96%
1964 Austria Vienna
96%
1916 Belgium Brussels
95%
1960 Belgium Brussels
95%
1964 Belgium Brussels
95%
2008 Egypt Cairo
95%
1936 Finland Helsinki
95%
1940 Finland Helsinki
95%
1944 Finland Helsinki
95%
1952 Finland Helsinki
95%
1976 Soviet Union Moscow
95%
1980 Soviet Union Moscow
95%
2012 Russia Moscow
95%
2000 Australia Sydney
95%
2000 China Beijing
94%
2008 China Beijing
94%
2000 Turkey Istanbul
94%
2004 Turkey Istanbul
94%
2008 Turkey Istanbul
94%
2012 Turkey Istanbul
94%
2020 Turkey Istanbul
94%
2036 Turkey Istanbul
94%
1924 Czechoslovakia Prague
94%
2016 Czech Republic Prague
94%
1936 Argentina Buenos Aires
93%
1956 Argentina Buenos Aires
93%
1968 Argentina Buenos Aires
93%
2004 Argentina Buenos Aires
93%
1956 Australia Melbourne
93%
1996 Australia Melbourne
93%
1972 West Germany Munich
93%
1912 Sweden Stockholm
93%
1952 Sweden Stockholm
93%
2004 Sweden Stockholm
93%
1908 Italy Milan
92%
2000 Italy Milan
92%
1988 South Korea Seoul
92%
1920 United States Atlanta
91%
1996 United States Atlanta
91%
1904 United States Chicago
91%
1952 United States Chicago
91%
1956 United States Chicago
91%
2016 United States Chicago
91%
1920 Cuba Havana
91%
2008 Cuba Havana
91%
2012 Cuba Havana
91%
1944 Canada Montreal
91%
1956 Canada Montreal
91%
1972 Canada Montreal
91%
1976 Canada Montreal
91%
1936 Ireland Dublin
89%
2036 Chile Santiago
89%
1996 Canada Toronto
89%
2008 Canada Toronto
89%
2004 South Africa Cape Town
88%
2016 Qatar Doha
88%
2020 Qatar Doha
88%
1920 Belgium Antwerp
87%
1992 Australia Brisbane
87%
2032 Australia Brisbane
87%
1996 Great Britain Manchester
87%
2000 Great Britain Manchester
87%
2024 Germany Hamburg
86%
1916 Egypt Alexandria
85%
1936 Egypt Alexandria
85%
2016 Azerbaijan Baku
85%
2020 Azerbaijan Baku
85%
2004 Russia Saint Petersburg
85%
1904 United States St. Louis
84%
1920 France Lyon
83%
1968 France Lyon
83%
2008 Malaysia Kuala Lumpur
82%
2008 Thailand Bangkok
81%
1936 Uruguay Montevideo
81%
1956 United States San Francisco
81%
2000 Brazil Brasilia
80%
1944 United States Detroit
80%
1952 United States Detroit
80%
1956 United States Detroit
80%
1960 United States Detroit
80%
1964 United States Detroit
80%
1968 United States Detroit
80%
1972 United States Detroit
80%
1936 Germany Frankfurt
80%
1992 Yugoslavia Belgrade
79%
1996 Yugoslavia Belgrade
79%
2008 Japan Osaka
76%
1920 United States Philadelphia
76%
1948 United States Philadelphia
76%
1952 United States Philadelphia
76%
1956 United States Philadelphia
76%
1992 Great Britain Birmingham
73%
2004 Spain Seville
73%
2008 Spain Seville
73%
1936 Germany Cologne
70%
2004 Puerto Rico San Juan
68%
2000 Uzbekistan Tashkent
68%
1988 Japan Nagoya
62%
1948 United States Minneapolis
59%
1952 United States Minneapolis
59%
1956 United States Minneapolis
59%
1916 United States Cleveland
57%
1920 United States Cleveland
57%
2012 Germany Leipzig
57%
2004 France Lille
55%
1936 Switzerland Lausanne
54%
1944 Switzerland Lausanne
54%
1948 Switzerland Lausanne
54%
1952 Switzerland Lausanne
54%
1960 Switzerland Lausanne
54%
1948 United States Baltimore
53%
1936 Germany Nuremberg
44%
2036 Indonesia Nusantara
16%
No matching quizzes found
Score Distribution
Percent of People with Each Score
Percentile by Number Answered
Your Score History
You have not taken this quiz